[Event "RSA-chT U20"]
[Site "Boksburg"]
[Date "2018.01.08"]
[Round "7.2"]
[White "Rensburg, Kyle"]
[Black "Moagaesi, Karabo"]
[Result "0-1"]
[WhiteElo "1295"]
[BlackElo "998"]
[PlyCount "88"]
[EventDate "2018.01.04"]
[EventType "team-tourn"]
[EventRounds "7"]
[EventCountry "RSA"]
[SourceTitle "CBM 182 Extra"]
[Source "ChessBase"]
[SourceDate "2018.02.23"]
[SourceVersion "1"]
[SourceVersionDate "2018.02.23"]
[SourceQuality "1"]
[WhiteTeam "Nelson Mandela Bay U20"]
[BlackTeam "Kenneth Kaunda U20"]
[WhiteTeamCountry "RSA"]
[BlackTeamCountry "RSA"]

1. d4 d5 2. Nf3 Bg4 3. Ne5 Bh5 4. g3 e6 5. Bg2 Qd6 6. c3 Ne7 7. Bf4 Qd8 8. 0-0 Nec6 9. Re1 Bd6 10. Qb3 Qc8 11. e4 Nxe5 12. Bxe5 Bxe5 13. dxe5 0-0 14. exd5 exd5 15. Bxd5 c6 16. Bg2 Re8 17. Nd2 Bg4 18. Re4 Be6 19. Qd1 Nd7 20. f4 Qc7 21. Kh1 Rad8 22. Nc4 Nxe5 23. Qb3 Nxc4 24. Rxc4 Bxc4 25. Qxc4 Qd7 26. b4 Qd2 27. h3 Re1+ 28. Rxe1 Qxe1+ 29. Kh2 Qd2 30. a4 Qc2 31. a5 Rd2 32. Qf1 Qxc3 33. b5 Qc2 34. bxc6 bxc6 35. Qf3 h6 36. g4 Rf2 37. Qg3 c5 38. a6 c4 39. h4 c3 40. Kg1 Rxg2+ 41. Qxg2 Qxg2+ 42. Kxg2 c2 43. g5 hxg5 44. hxg5 c1Q 0-1